[Event "Russian Championship G19 2016"]
[Site "Loo"]
[Date "2016.04.22"]
[Round "3.8"]
[White "Lingur, Zalina"]
[Black "Baryshnikova, Natalija"]
[Result "1/2-1/2"]
[WhiteElo "2216"]
[BlackElo "1953"]
[PlyCount "109"]
[EventDate "2016.04.20"]

1. e4 e6 2. d4 d5 3. Nd2 c5 4. exd5 Qxd5 5. Ngf3 cxd4 6. Bc4 Qd6 7. O-O Nf6 8.
Nb3 Nc6 9. Nbxd4 Nxd4 10. Nxd4 a6 11. c3 Bd7 12. Qe2 Qc7 13. Bg5 O-O-O 14. Rfe1
Bd6 15. g3 h6 16. Be3 e5 17. Nc2 Bh3 18. Nb4 Bxb4 19. cxb4 Qc6 20. f3 e4 21.
fxe4 Bg4 22. Qf1 Kb8 23. Rac1 Qd7 24. Qf4+ Ka8 25. Bf1 Nh5 26. Qe5 Qd6 27. Qc5
Qxc5 28. bxc5 Rhe8 29. c6 Rc8 30. c7 Re7 31. Bb6 Re6 32. Ba5 Ka7 33. Bb4 Nf6
34. Bg2 Ne8 35. Rf1 f6 36. Rf4 h5 37. h3 Be2 38. Kf2 Bb5 39. Rf5 g6 40. Rfc5
Rc6 41. Rxc6 Bxc6 42. Bc3 Rxc7 43. Bd4+ Kb8 44. e5 Bxg2 45. Rxc7 Kxc7 46. Kxg2
f5 47. Kf3 Ng7 48. Bc5 Kc6 49. Be7 Kd5 50. Bd6 Ne6 51. Ke3 Ng5 52. h4 Ne6 53.
Bb8 Nd8 54. Kf4 Ne6+ 55. Ke3 1/2-1/2

[Event "Russian Championship G19 2016"]
[Site "Loo"]
[Date "2016.04.22"]
[Round "3.9"]
[White "Dolgaeva, Evgenia"]
[Black "Alekseeva, Irina"]
[Result "1/2-1/2"]
[WhiteElo "1931"]
[BlackElo "2177"]
[PlyCount "98"]
[EventDate "2016.04.20"]

1. e4 c5 2. Nf3 Nc6 3. d3 g6 4. g3 Bg7 5. Bg2 e6 6. O-O Nge7 7. c3 O-O 8. d4
cxd4 9. cxd4 d5 10. e5 b5 11. Nc3 a6 12. Bf4 Qb6 13. Qd2 Nf5 14. Ne2 f6 15.
Rac1 fxe5 16. dxe5 Bd7 17. Nc3 Na5 18. b3 b4 19. Ne2 Nc6 20. Rce1 Kh8 21. g4
Nfe7 22. h4 Qb8 23. Qe3 a5 24. Ng3 Qe8 25. h5 Kg8 26. Bg5 Rc8 27. Rc1 Qf7 28.
Qd2 Na7 29. Rxc8 Rxc8 30. Be3 Nb5 31. Ng5 Qf8 32. Bb6 Ra8 33. Bc5 Nc3 34. hxg6
hxg6 35. Qc2 Bh6 36. Nf3 Kh7 37. Nh4 Be8 38. Nh5 Bf7 39. Nf6+ Kg7 40. Nf3 Bf4
41. Bd6 Nb5 42. g5 Nxd6 43. exd6 Bxd6 44. Qb2 d4 45. Qxd4 Nf5 46. Nh5+ Kg8 47.
Nf6+ Kg7 48. Nh5+ Kg8 49. Nf6+ Kg7 1/2-1/2

[Event "Russian Championship G19 2016"]
[Site "Loo"]
[Date "2016.04.22"]
[Round "3.10"]
[White "Matiukova, Uliana"]
[Black "Zhivotovskaya, Asya"]
[Result "1-0"]
[WhiteElo "2161"]
[BlackElo "1951"]
[PlyCount "43"]
[EventDate "2016.04.20"]

1. d4 d5 2. c4 dxc4 3. e3 e6 4. Bxc4 c5 5. Nf3 Nf6 6. O-O a6 7. Bb3 Nc6 8. Nc3
Be7 9. dxc5 Bxc5 10. Qe2 O-O 11. Rd1 Qc7 12. Bd2 b5 13. Rac1 Bb6 14. a4 b4 15.
Nb5 Qb7 16. Nd6 Qc7 17. Bxb4 Bd7 18. Ba3 Rfb8 19. Ne5 Ba5 20. Ba2 Bb4 21. Nxc6
Bxc6 22. Qc2 1-0

[Event "Russian Championship G19 2016"]
[Site "Loo"]
[Date "2016.04.22"]
[Round "3.11"]
[White "Resmyatova, Antonina"]
[Black "Shapar, Tatiana"]
[Result "1/2-1/2"]
[WhiteElo "2045"]
[BlackElo "1932"]
[PlyCount "86"]
[EventDate "2016.04.20"]

1. d4 d5 2. c4 c6 3. Nf3 Nf6 4. e3 Bf5 5. Be2 e6 6. O-O Be7 7. Nc3 Nbd7 8. b3
O-O 9. Bb2 h6 10. Bd3 Bxd3 11. Qxd3 Bd6 12. Rfd1 Qe7 13. Qe2 Rfd8 14. Rac1 Rac8
15. Rc2 Bb8 16. g3 Re8 17. Nh4 Rcd8 18. Rcd2 a6 19. e4 dxe4 20. Nxe4 Nxe4 21.
Qxe4 Nf6 22. Qf3 Rd7 23. Ng2 Red8 24. Ne3 Ba7 25. Re2 Nh7 26. h4 Qf6 27. Qe4 h5
28. Red2 Qh6 29. Rd3 Nf6 30. Qf3 Qg6 31. d5 cxd5 32. Bxf6 Qxf6 33. Qxf6 gxf6
34. cxd5 Bxe3 35. dxe6 Rxd3 36. Rxd3 Bb6 37. e7 Re8 38. Rd6 Ba5 39. Rd5 Bc7 40.
Rd7 Bb6 41. Rd6 Ba5 42. Rd5 b5 43. b4 Bb6 1/2-1/2

[Event "Russian Championship G19 2016"]
[Site "Loo"]
[Date "2016.04.22"]
[Round "3.12"]
[White "Mukhtarova, Viktoriya"]
[Black "Chekmareva, Liya"]
[Result "0-1"]
[WhiteElo "1899"]
[BlackElo "2043"]
[PlyCount "180"]
[EventDate "2016.04.20"]

1. Nf3 g6 2. g3 Bg7 3. Bg2 e5 4. d3 d5 5. O-O Nc6 6. Nbd2 Nge7 7. e4 O-O 8. Re1
Re8 9. c3 a5 10. a4 d4 11. c4 Nb4 12. Qb3 Na6 13. Qd1 Bd7 14. Rf1 Nc5 15. Ne1
c6 16. Nb3 Nxb3 17. Qxb3 b5 18. Bd2 bxc4 19. Qxc4 Qb6 20. b4 axb4 21. Bxb4 Be6
22. Bc5 Bxc4 23. Bxb6 Bb5 24. a5 Nc8 25. Bc5 Bf8 26. Bxf8 Kxf8 27. f4 exf4 28.
Rxf4 Nd6 29. Nc2 Bxd3 30. Nxd4 c5 31. e5 Ne4 32. Bxe4 Bxe4 33. Rxe4 cxd4 34.
Rxd4 Rxe5 35. a6 Ra7 36. Rd8+ Kg7 37. Rd6 Rf5 38. Kg2 Rb5 39. Ra2 Rb3 40. Kf2
Rb5 41. Ke3 Rb4 42. Kd3 Rb1 43. Rc6 Rd1+ 44. Kc4 Rc1+ 45. Kb5 Rb1+ 46. Kc5 h5
47. Rb6 Rc1+ 48. Kb5 Rcc7 49. Rb8 Rc1 50. Kb6 Re7 51. Rb7 Re6+ 52. Kb5 Rb1+ 53.
Kc5 Rxa6 54. Rxf7+ Kxf7 55. Rxa6 Rb2 56. Kd4 Rxh2 57. Ke4 Rf2 58. Ke3 Rf6 59.
Ra5 Re6+ 60. Kf4 Kf6 61. Rb5 Ra6 62. Kf3 g5 63. Kf2 Re6 64. Rb8 Kf5 65. Kf3 Rf6
66. Rb5+ Kg6+ 67. Kg2 g4 68. Rb8 Re6 69. Kf2 Rc6 70. Rb2 Rc5 71. Rb8 Rc2+ 72.
Kg1 Kf5 73. Rb4 Rc1+ 74. Kf2 Rc2+ 75. Ke3 Rc3+ 76. Kf2 Rf3+ 77. Kg2 Re3 78. Kf2
Re5 79. Rf4+ Kg5 80. Rf8 Rf5+ 81. Rxf5+ Kxf5 82. Ke3 Kg5 83. Kf2 Kg6 84. Ke2
Kf6 85. Kf2 Ke5 86. Ke3 Kf5 87. Kd3 Kg5 88. Ke3 h4 89. gxh4+ Kxh4 90. Kf2 Kh3
0-1

[Event "Russian Championship G19 2016"]
[Site "Loo"]
[Date "2016.04.22"]
[Round "3.14"]
[White "Kalinovskaya, Lyudmila"]
[Black "Porozhnyak, Maya"]
[Result "1-0"]
[WhiteElo "1618"]
[BlackElo "2007"]
[PlyCount "93"]
[EventDate "2016.04.20"]

1. d4 c5 2. d5 e6 3. c4 Nf6 4. Nc3 exd5 5. cxd5 d6 6. e4 g6 7. Bd3 Bg7 8. Nf3
O-O 9. O-O a6 10. a4 Re8 11. Nd2 Ng4 12. Nc4 Ne5 13. Ne3 Qe7 14. Bc2 Qh4 15. f4
Ng4 16. Nxg4 Bxg4 17. Qe1 Qd8 18. Qg3 Bd7 19. f5 Be5 20. Bf4 Qe7 21. h4 a5 22.
h5 Bxf4 23. Rxf4 g5 24. e5 Kh8 25. f6 Qxe5 26. Qd3 Qe3+ 27. Rf2 Qxd3 28. Bxd3
Bg4 29. h6 Na6 30. Ne4 Rxe4 31. Bxe4 Nb4 32. Bf5 Bxf5 33. Rxf5 Nd3 34. Rxg5 Rg8
35. Rg7 Ne5 36. Re1 Re8 37. Rxf7 Kg8 38. Rg7+ Kf8 39. Rf1 Nf7 40. Rxh7 Re5 41.
Rg7 Nxh6 42. Rxb7 Nf7 43. Rb8+ Re8 44. Rxe8+ Kxe8 45. Re1+ Ne5 46. Rxe5+ dxe5
47. d6 1-0

[Event "Russian Championship G19 2016"]
[Site "Loo"]
[Date "2016.04.22"]
[Round "3.15"]
[White "Sataeva, Lana"]
[Black "Mukhina, Jana"]
[Result "0-1"]
[WhiteElo "1726"]
[BlackElo "2072"]
[PlyCount "86"]
[EventDate "2016.04.20"]

1. e4 e5 2. Nf3 Nc6 3. Bb5 g6 4. Nc3 Bg7 5. O-O Nge7 6. d3 O-O 7. Bg5 h6 8. Bh4
g5 9. Bg3 Ng6 10. Nd5 Nce7 11. Ne3 c6 12. Ba4 d5 13. h4 d4 14. Nf5 Nxf5 15.
exf5 Bxf5 16. hxg5 hxg5 17. Qd2 g4 18. Nh2 a5 19. a3 Be6 20. c4 f5 21. f4 exf4
22. Bxf4 Nxf4 23. Qxf4 Qf6 24. g3 Qg6 25. Rae1 Rad8 26. Bd1 Bh6 27. Qe5 Be3+
28. Kg2 Rde8 29. Qxa5 b5 30. Qb4 Rf7 31. Qc5 Bc8 32. Rh1 Rh7 33. cxb5 cxb5 34.
Bb3+ Be6 35. Bxe6+ Qxe6 36. Qxb5 Rc8 37. Re2 Rh3 38. Nf1 Rxh1 39. Nxe3 Rh6 40.
Qxf5 dxe3 41. Qg5+ Rg6 42. Qxe3 Qxe3 43. Rxe3 Rc2+ 0-1

[Event "Russian Championship G19 2016"]
[Site "Loo"]
[Date "2016.04.22"]
[Round "3.16"]
[White "Sayafarova, Anna"]
[Black "Yarisko, Arina"]
[Result "1/2-1/2"]
[WhiteElo "1947"]
[BlackElo "1863"]
[PlyCount "82"]
[EventDate "2016.04.20"]

1. e4 c5 2. Nf3 e6 3. d4 cxd4 4. Nxd4 a6 5. Be3 Nc6 6. Bd3 Qc7 7. O-O Nf6 8. c4
Be7 9. Nc3 O-O 10. Kh1 Nxd4 11. Bxd4 e5 12. Be3 d6 13. Qd2 Be6 14. b3 Ng4 15.
Rad1 Nxe3 16. Qxe3 b5 17. Nd5 Bxd5 18. cxd5 Qa5 19. Qe2 Rac8 20. Rc1 Qa3 21.
Rc2 Rc5 22. Rxc5 Qxc5 23. Qd2 Rc8 24. g3 h6 25. f4 Bf6 26. fxe5 Bxe5 27. Qf2
Qxf2 28. Rxf2 Rc3 29. Bf1 Rc5 30. Re2 a5 31. Bh3 b4 32. Bd7 Kf8 33. Kg2 Ke7 34.
Bc6 Rc3 35. Bb5 h5 36. Bc4 g5 37. Rd2 h4 38. Bd3 hxg3 39. hxg3 Rc1 40. Rc2
Rxc2+ 41. Bxc2 f6 1/2-1/2

[Event "Russian Championship G19 2016"]
[Site "Loo"]
[Date "2016.04.22"]
[Round "3.17"]
[White "Bocharova, Ulyana"]
[Black "Leontyeva, Anastasija"]
[Result "1/2-1/2"]
[WhiteElo "1939"]
[BlackElo "1823"]
[PlyCount "95"]
[EventDate "2016.04.20"]

1. d4 Nf6 2. c4 e6 3. Nf3 b6 4. Nc3 Bb7 5. Bg5 Be7 6. e3 Ne4 7. Nxe4 Bxe4 8.
Bxe7 Qxe7 9. a3 d6 10. Bd3 Bxd3 11. Qxd3 Nd7 12. O-O O-O 13. Rfd1 Rae8 14. h3
e5 15. dxe5 Nxe5 16. Nxe5 Qxe5 17. Qd4 Qh5 18. Qd5 Re5 19. Qb7 Rg5 20. Kh2 Qe2
21. Rf1 Rc5 22. b4 Rxc4 23. Qxa7 Qb2 24. Qa6 Rc2 25. Rab1 Qe5+ 26. Kg1 Qf5 27.
Rbc1 h6 28. Qa4 Rxc1 29. Rxc1 Rc8 30. Qa7 Qd7 31. a4 Qd8 32. a5 bxa5 33. bxa5
c5 34. a6 Rb8 35. Rc4 Rc8 36. Qb7 Rb8 37. Qd5 Ra8 38. Ra4 Ra7 39. Qb7 Qa8 40.
Qb5 Kf8 41. Qb6 Rd7 42. a7 Ke7 43. Qb8 Rd8 44. Qc7+ Rd7 45. Qb8 Rd8 46. Qc7+
Rd7 47. Qb8 Rd8 48. Qc7+ 1/2-1/2

[Event "Russian Championship G19 2016"]
[Site "Loo"]
[Date "2016.04.22"]
[Round "3.18"]
[White "Shakirova, Renata"]
[Black "Polkhovskaya, Polina"]
[Result "1-0"]
[WhiteElo "1924"]
[BlackElo "1822"]
[PlyCount "67"]
[EventDate "2016.04.20"]

1. e4 e5 2. Nf3 Nc6 3. Bb5 a6 4. Ba4 d6 5. c3 Bd7 6. O-O g6 7. d4 Bg7 8. d5 Nb8
9. Bc2 Ne7 10. c4 O-O 11. Nc3 f5 12. Bd3 f4 13. c5 Bc8 14. b4 Nd7 15. Qb3 h6
16. Ba3 Nf6 17. b5 g5 18. cxd6 cxd6 19. Nxe5 Nxe4 20. Nxe4 Bxe5 21. bxa6 bxa6
22. Rab1 Nf5 23. Rfe1 Rf7 24. Nc5 Nd4 25. Qa4 Re7 26. Rxe5 dxe5 27. Ne6 Nxe6
28. Bxe7 Qxe7 29. dxe6 Bxe6 30. Qe4 Re8 31. Rb7 Bd7 32. Qg6+ Kf8 33. Qxh6+ Kg8
34. Bc4+ 1-0

[Event "Russian Championship G19 2016"]
[Site "Loo"]
[Date "2016.04.22"]
[Round "3.19"]
[White "Alekseeva, Yulia"]
[Black "Nenasheva, Diana"]
[Result "0-1"]
[WhiteElo "1858"]
[BlackElo "1740"]
[PlyCount "106"]
[EventDate "2016.04.20"]

1. e4 d6 2. d4 Nf6 3. Nc3 g6 4. h3 Bg7 5. Be3 O-O 6. Qd2 Nbd7 7. Bh6 e5 8. Bxg7
Kxg7 9. d5 Nc5 10. Qe3 Nh5 11. Nf3 f5 12. exf5 gxf5 13. Qg5+ Qxg5 14. Nxg5 h6
15. Nf3 a6 16. O-O-O b5 17. Nd2 b4 18. Ncb1 Nf4 19. g3 Nxd5 20. Bg2 Bb7 21. Nb3
Nxb3+ 22. axb3 e4 23. Nd2 Nb6 24. Nc4 Nxc4 25. bxc4 a5 26. Rhe1 Rfe8 27. Rd4
Ra7 28. f3 a4 29. Kb1 a3 30. b3 Bc8 31. fxe4 Ra5 32. Rh1 Bb7 33. c5 Bxe4 34.
Bxe4 Rxe4 35. Rxe4 fxe4 36. cxd6 cxd6 37. Rd1 d5 38. Rd4 Rb5 39. Ka2 Kf6 40. c4
bxc3 41. Kxa3 e3 42. Rd3 c2 43. Kb2 Rc5 44. Kc1 d4 45. Rxd4 Ke5 46. Rd8 Rc3 47.
b4 Ke6 48. Rd4 Ke5 49. Rd8 Ke4 50. g4 e2 51. Re8+ Kf3 52. Rf8+ Kg2 53. Re8 Kf2
0-1

[Event "Russian Championship G19 2016"]
[Site "Loo"]
[Date "2016.04.22"]
[Round "3.20"]
[White "Nugamanova, Rozalia"]
[Black "Efimova, Anastasia"]
[Result "0-1"]
[WhiteElo "1826"]
[BlackElo "1832"]
[PlyCount "52"]
[EventDate "2016.04.20"]

1. d4 d5 2. c4 e6 3. Nc3 c6 4. e4 dxe4 5. Nxe4 Bb4+ 6. Bd2 Qxd4 7. Bxb4 Qxe4+
8. Be2 Na6 9. Bc3 f6 10. Qd6 Nh6 11. Bxf6 gxf6 12. O-O-O Qg6 13. Qd8+ Kf7 14.
Qxh8 Nb4 15. Kd2 Ke7 16. Ke1 Nf7 17. Rd7+ Kxd7 18. Qf8 Nc2+ 19. Kd2 Ne5 20. Nh3
Nd4 21. Nf4 Qc2+ 22. Ke1 Qc1+ 23. Bd1 Qxf4 24. Qg7+ Kd8 25. Qf8+ Kc7 26. Qe7+
Bd7 0-1

[Event "Russian Championship B11 1st league 2016"]
[Site "Loo"]
[Date "2016.04.22"]
[Round "3.1"]
[White "Etuka, Alexander"]
[Black "Danchenko, Artemiy"]
[Result "0-1"]
[WhiteElo "1459"]
[BlackElo "1770"]
[PlyCount "106"]
[EventDate "2016.04.20"]

1. e4 e5 2. Nf3 Nc6 3. Bb5 a6 4. Bxc6 dxc6 5. Nc3 f6 6. d3 Bd6 7. Be3 Bg4 8. h3
Bh5 9. Qe2 Qd7 10. g4 Bf7 11. a3 O-O-O 12. O-O-O Ne7 13. d4 Ng6 14. dxe5 Nxe5
15. Nxe5 fxe5 16. Kb1 Qe6 17. Rhf1 Rhe8 18. Bg5 Rd7 19. Qe3 b6 20. Qe2 Kb7 21.
f3 h6 22. Bh4 g5 23. Bg3 Red8 24. h4 Bc5 25. Rxd7 Rxd7 26. Rd1 Bd4 27. Rxd4
Rxd4 28. b3 Qd6 29. hxg5 hxg5 30. Bf2 Rd2 31. Qe3 Qd4 32. Qxd4 exd4 33. Be1
dxc3 34. Bg3 Rd1+ 35. Ka2 Rc1 36. a4 Rxc2+ 37. Kb1 Rb2+ 38. Kc1 Bxb3 39. Be5
Rc2+ 40. Kb1 Rf2 41. Bxc3 Rxf3 42. Be5 Re3 43. Kb2 Rxe4 44. Kxb3 Rxe5 45. Kc3
Re4 46. Kd3 Rxa4 47. Ke3 Rxg4 48. Kf3 Rf4+ 49. Kg3 a5 50. Kg2 a4 51. Kg3 a3 52.
Kg2 a2 53. Kg3 a1=Q 0-1

[Event "Russian Championship B11 1st league 2016"]
[Site "Loo"]
[Date "2016.04.22"]
[Round "3.2"]
[White "Murashko, Vladislav"]
[Black "Kuzmin, Roman"]
[Result "0-1"]
[WhiteElo "1437"]
[BlackElo "1756"]
[PlyCount "96"]
[EventDate "2016.04.20"]

1. d4 d5 2. c4 e6 3. Nf3 Nf6 4. g3 c6 5. Bg2 Be7 6. O-O O-O 7. Nbd2 Nbd7 8. b3
b6 9. Bb2 Bb7 10. Re1 c5 11. e3 Rc8 12. Rc1 Rc7 13. Rc2 Qa8 14. Ba3 Rfc8 15.
Qe2 Bf8 16. Rec1 cxd4 17. Bxf8 dxe3 18. Ba3 exd2 19. Nxd2 Nc5 20. Bb2 Nfe4 21.
Qg4 f5 22. Qe2 Nxd2 23. Qxd2 dxc4 24. Bxb7 Qxb7 25. Rxc4 Rd7 26. Qe2 Rcd8 27.
Bc3 Ne4 28. Qe1 b5 29. Rxe4 Qxe4 30. Qxe4 fxe4 31. Kg2 Rc8 32. Bb2 Rxc1 33.
Bxc1 Rd1 34. Be3 Ra1 35. Bxa7 Rxa2 36. Bc5 e3 37. Bxe3 Rb2 38. Kf3 Rxb3 39. Ke4
Kf7 40. Kd4 Kf6 41. Kc5 Kf5 42. h4 Rxe3 43. fxe3 Ke4 44. Kxb5 Kxe3 45. Kc4 Kf3
46. Kd4 Kxg3 47. Ke5 Kxh4 48. Kxe6 g5 0-1

[Event "Russian Championship B11 1st league 2016"]
[Site "Loo"]
[Date "2016.04.22"]
[Round "3.3"]
[White "Gukhman, Sergey"]
[Black "Yarikov, Artem"]
[Result "1-0"]
[WhiteElo "1669"]
[BlackElo "1417"]
[PlyCount "105"]
[EventDate "2016.04.20"]

1. d4 d5 2. c4 c6 3. Nc3 e6 4. Nf3 h6 5. Bf4 Nf6 6. e3 Nbd7 7. Be2 Be7 8. O-O
Nh5 9. Ne5 Nxf4 10. exf4 Nxe5 11. fxe5 Bb4 12. Rc1 Bxc3 13. Rxc3 Bd7 14. c5 a6
15. f4 g6 16. Qc2 Qe7 17. Rb3 Bc8 18. Kh1 h5 19. a4 Qd8 20. Rh3 Rg8 21. g4 hxg4
22. Bxg4 Qe7 23. Rg1 Qf8 24. Qd3 Rh8 25. Rgg3 Rg8 26. a5 Qe7 27. b4 Bd7 28. Rh7
Kd8 29. Bh5 Kc7 30. Bxg6 Qd8 31. Bxf7 Rxg3 32. Qxg3 Kb8 33. Qg8 Ka7 34. Rh8
Qxg8 35. Rxg8 Rxg8 36. Bxg8 Kb8 37. h4 Be8 38. Bxe6 Kc7 39. f5 Kd8 40. f6 Bg6
41. Kg2 Bh5 42. Kg3 Bg6 43. Kg4 Be8 44. f7 Bxf7 45. Bxf7 Ke7 46. e6 Kf6 47. h5
Ke7 48. h6 b5 49. h7 Kf6 50. h8=Q+ Ke7 51. Qe8+ Kf6 52. Qd8+ Kg7 53. Kg5 1-0

[Event "Russian Championship B11 1st league 2016"]
[Site "Loo"]
[Date "2016.04.22"]
[Round "3.4"]
[White "Kuznetsov, Aleksandr"]
[Black "Kolchin, Maxim"]
[Result "0-1"]
[WhiteElo "1410"]
[BlackElo "1666"]
[PlyCount "110"]
[EventDate "2016.04.20"]

1. e4 c5 2. c3 e6 3. d4 cxd4 4. cxd4 d5 5. e5 Nc6 6. a3 Qb6 7. Nf3 Nge7 8. Bd3
Nf5 9. Bxf5 exf5 10. O-O Be7 11. Nc3 Be6 12. Re1 O-O 13. Bg5 Bxg5 14. Nxg5 Qxd4
15. Qxd4 Nxd4 16. Rad1 Nc6 17. Nxd5 Bxd5 18. Rxd5 Rfe8 19. e6 fxe6 20. Rxe6
Rxe6 21. Nxe6 Re8 22. Rd6 Ne5 23. Rd8 Rxd8 24. Nxd8 b6 25. f4 Nd3 26. Nc6 a5
27. Ne7+ Kf7 28. Nxf5 Nxb2 29. Ne3 Ke6 30. Kf2 b5 31. Nc2 Kd5 32. Ke3 Nc4+ 33.
Kd3 g6 34. g4 g5 35. f5 Ne5+ 36. Kc3 Nxg4 37. h3 Nf6 38. Nd4 b4+ 39. axb4 axb4+
40. Kd3 Nh5 41. Ke3 Nf6 42. Kd3 Ne4 43. Ke3 h5 44. Nb3 Nf6 45. Kd3 g4 46. hxg4
Nxg4 47. Nd4 h4 48. Ne2 Ke5 49. Kc4 Kxf5 50. Kxb4 Ke4 51. Ng1 Ke3 52. Kc3 Kf2
53. Nh3+ Kg3 54. Ng1 Ne5 55. Kd4 Nf3+ 0-1

[Event "Russian Championship B11 1st league 2016"]
[Site "Loo"]
[Date "2016.04.22"]
[Round "3.5"]
[White "Rychikhin, Vladislav"]
[Black "Ermolaev, Ivan"]
[Result "1/2-1/2"]
[WhiteElo "1406"]
[BlackElo "1632"]
[PlyCount "86"]
[EventDate "2016.04.20"]

1. d4 Nf6 2. Nf3 g6 3. c4 Bg7 4. e3 O-O 5. Be2 c5 6. O-O cxd4 7. exd4 d5 8. Be3
Nc6 9. h3 dxc4 10. Bxc4 Nd5 11. Bxd5 Qxd5 12. Nc3 Qa5 13. Qe2 e5 14. dxe5 Nxe5
15. Rac1 Bf5 16. Nxe5 Qxe5 17. Rfd1 b6 18. Rd5 Qe7 19. Rcd1 Be6 20. R5d2 Rfd8
21. Nd5 Bxd5 22. Rxd5 Rxd5 23. Rxd5 Rd8 24. Bg5 Qxe2 25. Rxd8+ Bf8 26. Bh6 Qe7
27. Rxf8+ Qxf8 28. Bxf8 Kxf8 29. Kf1 Ke7 30. Ke2 Kd6 31. Kd3 Kd5 32. g3 f5 33.
f3 g5 34. g4 Ke5 35. Ke3 h6 36. b3 f4+ 37. Kd3 Kd5 38. b4 b5 39. a3 a6 40. Kc3
Ke5 41. Kd3 Kd5 42. Kc3 Ke5 43. Kd3 Kd5 1/2-1/2

[Event "Russian Championship B11 1st league 2016"]
[Site "Loo"]
[Date "2016.04.22"]
[Round "3.6"]
[White "Azizyan, Levon"]
[Black "Pavlov, Mark"]
[Result "1/2-1/2"]
[WhiteElo "1402"]
[BlackElo "1624"]
[PlyCount "82"]
[EventDate "2016.04.20"]

1. e4 e6 2. d4 d5 3. e5 c5 4. c3 Nc6 5. Nf3 Nge7 6. a3 Nf5 7. b4 cxd4 8. cxd4
a6 9. Bb2 Bd7 10. Bd3 Rc8 11. Bxf5 exf5 12. Nc3 Be6 13. O-O Be7 14. Nd2 O-O 15.
Nb3 b6 16. b5 axb5 17. Nxb5 f6 18. f4 Na5 19. Nxa5 bxa5 20. a4 Rb8 21. Ba3 Bxa3
22. Rxa3 Bd7 23. Nd6 Rb4 24. Re1 Qb6 25. Kh1 Rxd4 26. Qb3 Qxb3 27. Rxb3 Rxf4
28. Rb7 Rd8 29. g3 Rxa4 30. Rxd7 Rxd7 31. e6 Re7 32. Nxf5 Re8 33. Nd6 Re7 34.
Nf5 Re8 35. Nd6 Re7 36. Nf5 Re8 37. Nd6 Re7 38. Nf5 Re8 39. Nd6 Re7 40. Nf5 Re8
41. Nd6 Re7 1/2-1/2

[Event "Russian Championship B11 1st league 2016"]
[Site "Loo"]
[Date "2016.04.22"]
[Round "3.7"]
[White "Kuprin, Alexander"]
[Black "Isaykin, Valery"]
[Result "1-0"]
[WhiteElo "1609"]
[BlackElo "1402"]
[PlyCount "103"]
[EventDate "2016.04.20"]

1. d4 Nf6 2. c4 c5 3. e3 Nc6 4. Nf3 Qb6 5. Nc3 e6 6. Na4 Qc7 7. d5 exd5 8. cxd5
Nb4 9. Nc3 Qd6 10. Nb5 Qb6 11. d6 Nfd5 12. e4 a6 13. exd5 axb5 14. Qe2+ Kd8 15.
Ng5 Bxd6 16. Nxf7+ Kc7 17. Nxh8 Qa5 18. Bd2 Nc2+ 19. Kd1 Qa4 20. b3 Qd4 21. Rc1
Nb4 22. Nf7 Nxa2 23. Nxd6 Kxd6 24. Rc2 Nb4 25. Rc1 Na2 26. Qd3 Nxc1 27. Qxd4
cxd4 28. Kxc1 Kxd5 29. Kb2 Kc5 30. Be2 b6 31. Bf4 Bb7 32. Rc1+ Kd5 33. Bf3+ Ke6
34. Bxb7 Ra7 35. Bf3 Kf5 36. Bg3 b4 37. Ra1 Ra5 38. Rxa5+ bxa5 39. Kc2 g5 40.
h3 Kg6 41. Kd3 a4 42. bxa4 b3 43. a5 b2 44. Kc2 d3+ 45. Kxb2 d2 46. a6 h5 47.
a7 g4 48. a8=Q gxf3 49. Qxf3 h4 50. Bxh4 d5 51. Qd3+ Kh5 52. Qh7# 1-0

[Event "Russian Championship B11 1st league 2016"]
[Site "Loo"]
[Date "2016.04.22"]
[Round "3.8"]
[White "Fridman, Roman A"]
[Black "Zhelanov, Semen"]
[Result "1-0"]
[WhiteElo "1591"]
[BlackElo "1275"]
[PlyCount "41"]
[EventDate "2016.04.20"]

1. e4 e5 2. Nf3 Nc6 3. Bb5 a6 4. Ba4 Nf6 5. O-O Nxe4 6. d4 b5 7. Bb3 d5 8. Nxe5
Nxe5 9. dxe5 Be6 10. Nc3 Nxc3 11. bxc3 c5 12. f4 c4 13. f5 Bc5+ 14. Kh1 Bc8 15.
Bg5 Be7 16. f6 gxf6 17. exf6 Bc5 18. Re1+ Kf8 19. Bh6+ Kg8 20. Qxd5 Be6 21.
Qg5# 1-0

[Event "Russian Championship B11 1st league 2016"]
[Site "Loo"]
[Date "2016.04.22"]
[Round "3.9"]
[White "Shemyakinskiy, Nikita"]
[Black "Kochetov, Vyacheslav"]
[Result "1/2-1/2"]
[WhiteElo "1371"]
[BlackElo "1583"]
[PlyCount "80"]
[EventDate "2016.04.20"]

1. d4 d5 2. c4 dxc4 3. e3 e5 4. Bxc4 exd4 5. Ne2 Nc6 6. Nxd4 Nxd4 7. Qxd4 Qxd4
8. exd4 Bd6 9. O-O Ne7 10. Nc3 Bd7 11. Be3 O-O 12. Nd5 Nxd5 13. Bxd5 c6 14. Bf3
Bf5 15. Rac1 Rac8 16. a3 a6 17. Rc3 Be6 18. Rfc1 Rcd8 19. Be2 Bd5 20. Bc4 Bb8
21. Rb3 Bxc4 22. Rxc4 Rd7 23. g3 Rfd8 24. Rcb4 b5 25. Rc3 a5 26. Rbb3 a4 27.
Rb4 Bd6 28. Rxc6 Bxb4 29. axb4 Rd5 30. Kg2 h6 31. Kf3 Re8 32. Rc3 Kf8 33. Rc7
Re6 34. Rc3 Ke7 35. Rc7+ Kf6 36. Rc3 Kg6 37. Rc7 Kf6 38. Rc3 Kg6 39. Rc7 Kf6
40. Rc3 Kg6 1/2-1/2

[Event "Russian Championship B11 1st league 2016"]
[Site "Loo"]
[Date "2016.04.22"]
[Round "3.10"]
[White "Ivanov, Artem"]
[Black "Maxin, Vladimir"]
[Result "1-0"]
[WhiteElo "1577"]
[BlackElo "1203"]
[PlyCount "25"]
[EventDate "2016.04.20"]

1. e4 c5 2. Nf3 d6 3. c3 Nf6 4. h3 Nxe4 5. Qa4+ Bd7 6. Qxe4 Bc6 7. Qe3 Nd7 8.
d4 g6 9. Bc4 Bg7 10. Bxf7+ Kxf7 11. Ng5+ Kg8 12. Qe6+ Kf8 13. Qf7# 1-0

[Event "Russian Championship B11 1st league 2016"]
[Site "Loo"]
[Date "2016.04.22"]
[Round "3.11"]
[White "Kopylov, Artem"]
[Black "Khubukshanov, Erdem"]
[Result "0-1"]
[WhiteElo "1277"]
[BlackElo "1573"]
[PlyCount "116"]
[EventDate "2016.04.20"]

1. d4 d5 2. Nf3 Nf6 3. g3 Bg4 4. Bg2 Nbd7 5. Nbd2 e6 6. c4 c6 7. Qc2 Be7 8. O-O
O-O 9. e4 dxe4 10. Nxe4 Bf5 11. Nxf6+ Bxf6 12. Qe2 Re8 13. Ne5 Nb6 14. Rd1 Qc7
15. Bf4 Bxe5 16. Bxe5 Qe7 17. c5 Nd5 18. Bd6 Qg5 19. h3 Qg6 20. a3 h5 21. Kh2
Qh6 22. Bxd5 exd5 23. Qf3 Bg4 24. Qb3 Bxd1 25. Rxd1 b6 26. Bf4 g5 27. Be3 b5
28. h4 f6 29. Qb4 Qg6 30. hxg5 fxg5 31. Qd2 g4 32. Bf4 a5 33. Re1 Rxe1 34. Qxe1
Qe4 35. Qd2 a4 36. Be5 Qg6 37. Kg2 Rf8 38. Bd6 Rf3 39. Kg1 Kh7 40. Qe2 Qe4 41.
Qxe4+ dxe4 42. d5 cxd5 43. c6 e3 44. fxe3 Rxe3 45. c7 Re8 46. Kf2 Kg6 47. Kf1
Kf5 48. Kf2 Ke6 49. Bf4 Kd7 50. Kf1 d4 51. Kf2 d3 52. Kf1 Re2 53. Bd2 Rxd2 54.
Ke1 Rxb2 55. Kd1 Kxc7 56. Kc1 Rh2 57. Kd1 h4 58. gxh4 g3 0-1

[Event "Russian Championship B11 1st league 2016"]
[Site "Loo"]
[Date "2016.04.22"]
[Round "3.13"]
[White "Badazhkov, Egor"]
[Black "Israfilov, Ali"]
[Result "0-1"]
[WhiteElo "1268"]
[BlackElo "1518"]
[PlyCount "52"]
[EventDate "2016.04.20"]

1. e4 c5 2. Nf3 Nc6 3. d4 cxd4 4. Nxd4 Nf6 5. f3 e5 6. Nb3 d6 7. Bg5 Be7 8. Nc3
O-O 9. Qd2 Be6 10. O-O-O Bxb3 11. axb3 Nd4 12. Be3 Nc6 13. g4 Qa5 14. Kb1 Nb4
15. Bc4 Rac8 16. h4 b5 17. Be2 Rc7 18. Qe1 Rfc8 19. Bd2 d5 20. g5 d4 21. Na4
bxa4 22. gxf6 axb3 23. Bc3 dxc3 24. Qxc3 Rxc3 25. fxe7 Qa2+ 26. Kc1 Rxc2# 0-1

[Event "Russian Championship B11 1st league 2016"]
[Site "Loo"]
[Date "2016.04.22"]
[Round "3.19"]
[White "Tretyakov, Vladimir"]
[Black "Maslov, Dmitrij"]
[Result "1-0"]
[WhiteElo "1809"]
[BlackElo "1358"]
[PlyCount "97"]
[EventDate "2016.04.20"]

1. e4 e5 2. Nf3 Nf6 3. Nxe5 d6 4. Nf3 Nxe4 5. d4 d5 6. Bd3 Bg4 7. O-O Be7 8. c4
Nf6 9. Qa4+ c6 10. Qb3 Qc7 11. Ne5 O-O 12. cxd5 cxd5 13. Bf4 Rd8 14. Rc1 Qb6
15. Qxb6 axb6 16. Nxg4 Nxg4 17. Bc7 Rf8 18. Bxb6 Nc6 19. Nc3 Nb4 20. Be2 Nf6
21. a3 Nc6 22. Bf3 Ra6 23. Bc5 Bxc5 24. dxc5 Rd8 25. Rd1 d4 26. Ne4 Nxe4 27.
Bxe4 Ra5 28. b4 Ra7 29. b5 Na5 30. Rd3 g6 31. g4 Rd7 32. Rad1 Nc4 33. Rxd4 Rxd4
34. Rxd4 Nxa3 35. b6 Ra5 36. c6 Rb5 37. c7 Rc5 38. Bxb7 Nb5 39. Rd8+ Kg7 40.
c8=Q Rxc8 41. Bxc8 Nc3 42. b7 Ne2+ 43. Kf1 Nf4 44. b8=Q Nh3 45. Qe5+ f6 46.
Rd7+ Kh6 47. Qxf6 Nxf2 48. g5+ Kh5 49. Rxh7# 1-0